Statistics for Every Average White Band song that hit the Billboard hot 100

Click here to take the quiz!

General Stats

  • This quiz has been taken 7 times
  • The average score is 4 of 7

Answer Stats

Peak Chart PositionYearSong% Correct
11974Pick Up The Pieces
86%
101975Cut The Cake
86%
391975If I Ever Lose This Heaven
71%
331975School Boy Crush
57%
401976Queen of My Soul
57%
531980Let's Go Round Again
57%
921979Walk on By
29%

Score Distribution

Percentile by Number Answered

Percent of People with Each Score

Your Score History

You have not taken this quiz